00294 a2200121 4500001000700000020000600007040001100013100001800024240005900042245005400101362000900155440000800164170054 a  cMagnum aCanton, Katia10aBale dos skazkas: viajando pelos contos da russialpor10aBale dos skazkas: viajando pelos contos da russia0 a1899 1aRHJ